Personnages d'anime (manga) en images - H - Statistiques

Statistiques générales
  • Ce quiz a été pris 205 fois
    174 depuis la dernière actualisation
  • Le résultat moyen est 2 sur 20
Statistiques - réponses
Par images Réponse % Correct
Hisoka Morrow
98%
Hotaru Haganezuka
15%
Hina
14%
Hyoga Cygnus
14%
Hak
11%
Hiyori Iki
11%
Hajime Nagumo
7%
Haruka Nanase
7%
Hiroshi Agasa
6%
Hitori Goto
6%
Hayato Gokudera
5%
Hiroshi Odokawa
4%
Hei
3%
Hermit Mio
3%
Haruichi Kominato
2%
Hiling
2%
Hanako Honda
1%
Hyakunosuke Ogata
1%
Hamusuke
0%
Hototo
0%
Aucun quiz correspondant
Distribution des résultats
% des personnes avec chaque résultat
Percentile par nombre de réponses
Votre historique - résultats
Vous n’avez pas pris ce quiz depuis la dernière actualisation